000 00816nam a22002897a 4500
001 BR8304719
003 BR-BrBNA
005 20230928091735.0
007 ta
008 230509b bl.||||| |||| 00| 0 por d
040 _aBR-BrBNA
_bpor
_cBiblioteca Nacional de Agricultura
041 _a(Por)
072 _aL70; C00; L73
_b/G514
090 _ L70 BR8304719
100 1 _aLima, I.A.
110 1 _aComissao Executiva do Plano da Lavoura Cacaueira, Ilheus, BA (Brasil). Depto. de Extensao
_92112
245 1 _aSanidade animal [Brasil]
_bCurso pre-servico 1983
260 3 _aIlheus, BA (Brasil):
_c1983.
300 _a6 p.
500 _a8 ref.
650 _aVETERINARIA
650 _aBOVINO
650 _aDOENCA ANIMAL
650 _aEXTENSAO RURAL
909 _a202309
_bLucia
_c55
_dLucia Elande
942 _cBK
999 _c35276
_d35276